[Event "M.Chigorin Memorial 2014"]
[Site "St. Petersburg"]
[Date "2014.10.20"]
[Round "3.1"]
[White "Munguntuul, Batkhuyag"]
[Black "Matlakov, Maxim"]
[Result "1/2-1/2"]
[WhiteElo "2433"]
[BlackElo "2692"]
[PlyCount "77"]
[EventDate "2014.10.18"]
[EventType "swiss"]
[EventCountry "RUS"]

1. e4 e5 2. Nf3 Nc6 3. Bb5 a6 4. Ba4 Nf6 5. O-O b5 6. Bb3 Bc5 7. Nxe5 Nxe5 8.
d4 Bxd4 9. Qxd4 d6 10. f4 Nc6 11. Qc3 Ne7 12. e5 Ne4 13. Qf3 Bb7 14. Qg4 dxe5
15. Be3 O-O 16. fxe5 c5 17. c3 Ng6 18. e6 fxe6 19. Rd1 Bd5 20. Rxd5 exd5 21.
Qxe4 c4 22. Qe6+ Kh8 23. Bc2 Qh4 24. Nd2 Rae8 25. Qb6 Nf4 26. Qc5 Qg5 27. Bxf4
Rxf4 28. Be4 Rg4 29. Qxd5 Qe3+ 30. Kh1 Rgxe4 31. Nxe4 Qxe4 32. Qxe4 Rxe4 33.
Kg1 Re2 34. Rf1 Kg8 35. Rf2 Re1+ 36. Rf1 Re2 37. Rf2 Re1+ 38. Rf1 Re2 39. Rf2
1/2-1/2

[Event "M.Chigorin Memorial 2014"]
[Site "St. Petersburg"]
[Date "2014.10.20"]
[Round "3.2"]
[White "Gochelashvili, David"]
[Black "Khismatullin, Denis"]
[Result "0-1"]
[WhiteElo "2427"]
[BlackElo "2681"]
[PlyCount "72"]
[EventDate "2014.10.18"]
[EventType "swiss"]
[EventCountry "RUS"]

1. e4 c5 2. Nf3 d6 3. c3 Nf6 4. Be2 g6 5. O-O Bg7 6. Bb5+ Nbd7 7. Re1 a6 8. Bf1
b5 9. d4 cxd4 10. cxd4 Bb7 11. e5 dxe5 12. dxe5 Ne4 13. a4 O-O 14. axb5 axb5
15. Rxa8 Bxa8 16. Bf4 b4 17. Qd4 Nec5 18. Nbd2 Qb6 19. Bg5 Re8 20. Qh4 Bxf3 21.
Nxf3 e6 22. Bh6 b3 23. Re3 Qd8 24. Qf4 Qe7 25. Bg5 Qf8 26. h4 Ra8 27. Bb5 Nb6
28. Bc6 Rc8 29. Nd4 Nc4 30. Re2 Nxe5 31. Bb5 f6 32. Qg3 fxg5 33. hxg5 Rd8 34.
Nxb3 Rd1+ 35. Kh2 Nxb3 36. Qxb3 Qf4+ 0-1

[Event "M.Chigorin Memorial 2014"]
[Site "St. Petersburg"]
[Date "2014.10.20"]
[Round "3.3"]
[White "Hayrapetyan, Hovik"]
[Black "Sjugirov, Sanan"]
[Result "0-1"]
[WhiteElo "2426"]
[BlackElo "2664"]
[PlyCount "76"]
[EventDate "2014.10.18"]
[EventType "swiss"]
[EventCountry "RUS"]

1. d4 Nf6 2. c4 e6 3. Nc3 Bb4 4. Qc2 O-O 5. a3 Bxc3+ 6. Qxc3 b5 7. cxb5 c6 8.
a4 a6 9. bxa6 Ne4 10. Qc2 d5 11. e3 Bxa6 12. Bxa6 Nxa6 13. Nf3 c5 14. dxc5 Qa5+
15. Bd2 Nb4 16. Qb1 Nxd2 17. Nxd2 Qa6 18. Ra3 Rfc8 19. Rb3 Rab8 20. f4 Rxc5 21.
Kf2 Qxa4 22. Kg3 Qc6 23. Nf3 Qc7 24. Ne5 f6 25. Nd3 Nxd3 26. Qxd3 Rxb3 27. Qxb3
g5 28. Rf1 Rc4 29. h3 Kf7 30. Qd3 f5 31. Qe2 Kg6 32. Rf2 Re4 33. Qd2 e5 34.
fxg5 d4 35. Rf3 Rxe3 36. Rxe3 dxe3 37. Qc3 Qxc3 38. bxc3 e4 0-1

[Event "M.Chigorin Memorial 2014"]
[Site "St. Petersburg"]
[Date "2014.10.20"]
[Round "3.4"]
[White "Ivanisevic, Ivan"]
[Black "Smirnov, Timofey"]
[Result "1-0"]
[WhiteElo "2623"]
[BlackElo "2419"]
[PlyCount "107"]
[EventDate "2014.10.18"]
[EventType "swiss"]
[EventCountry "RUS"]

1. d4 Nf6 2. c4 e6 3. g3 d5 4. Bg2 Bb4+ 5. Nc3 O-O 6. a3 Be7 7. Qd3 c6 8. Nf3
Nbd7 9. O-O b6 10. Rd1 Ba6 11. b3 Qc8 12. Bf4 Qb7 13. a4 Rac8 14. e4 Rfd8 15.
e5 Ne8 16. h4 Nc7 17. Bf1 dxc4 18. bxc4 Nd5 19. Bg5 Nxc3 20. Qxc3 Nf8 21. Bg2
h6 22. Bxe7 Qxe7 23. a5 Bb7 24. axb6 axb6 25. Ra7 Ra8 26. Rda1 Rxa7 27. Rxa7
Ra8 28. Rxa8 Bxa8 29. Qa1 Bb7 30. Qa7 Qc7 31. Nd2 Nd7 32. Ne4 Qb8 33. Qxb8+
Nxb8 34. Nd6 Ba6 35. f4 Kf8 36. Kf2 f6 37. Ke3 fxe5 38. fxe5 Ke7 39. Bf3 Kf8
40. Kf4 Ke7 41. g4 Kf8 42. g5 hxg5+ 43. Kxg5 c5 44. d5 Nd7 45. Kf4 exd5 46.
cxd5 c4 47. Ne4 Bb7 48. Bg4 Nb8 49. d6 b5 50. e6 Nc6 51. Nc3 Bc8 52. Nxb5 Bxe6
53. Bxe6 Nd8 54. Bxc4 1-0

[Event "M.Chigorin Memorial 2014"]
[Site "St. Petersburg"]
[Date "2014.10.20"]
[Round "3.5"]
[White "Tunik, Gennady"]
[Black "Andriasian, Zaven"]
[Result "1/2-1/2"]
[WhiteElo "2417"]
[BlackElo "2622"]
[PlyCount "62"]
[EventDate "2014.10.18"]
[EventType "swiss"]
[EventCountry "RUS"]

1. d4 Nf6 2. c4 c5 3. d5 b5 4. cxb5 a6 5. bxa6 g6 6. Nc3 Bxa6 7. e4 Bxf1 8.
Kxf1 d6 9. g3 Bg7 10. Kg2 O-O 11. Nf3 Nbd7 12. a4 Qb6 13. Ra3 Rfb8 14. Qe2 Ne8
15. Nb5 Nc7 16. Nxc7 Qxc7 17. b3 Rb7 18. Qc2 Qb6 19. Bd2 Qa6 20. Re1 Rab8 21.
h4 h5 22. Bg5 Nf6 23. Nd2 Ng4 24. Nc4 Bd4 25. Re2 Ne5 26. Bf4 Nxc4 27. Qxc4 Qa7
28. Qc2 Qa6 29. Qc4 Qa7 30. Qc2 Qa6 31. Qc4 Qa7 1/2-1/2

[Event "M.Chigorin Memorial 2014"]
[Site "St. Petersburg"]
[Date "2014.10.20"]
[Round "3.6"]
[White "Nezad, Husein Aziz"]
[Black "Bukavshin, Ivan"]
[Result "0-1"]
[WhiteElo "2400"]
[BlackElo "2616"]
[PlyCount "120"]
[EventDate "2014.10.18"]
[EventType "swiss"]
[EventCountry "RUS"]

1. d4 Nf6 2. c4 e6 3. Nf3 c5 4. d5 d6 5. Nc3 exd5 6. cxd5 g6 7. Bf4 a6 8. a4
Bg7 9. h3 O-O 10. e3 Re8 11. Nd2 Nbd7 12. Be2 Ne5 13. O-O Nfd7 14. Qc2 b6 15.
Bh2 f5 16. Rae1 Nf6 17. b3 Ra7 18. Nc4 Nf7 19. Rb1 Qc7 20. b4 Nd7 21. bxc5 bxc5
22. a5 Rb7 23. Na4 Rxb1 24. Rxb1 Nde5 25. Nab6 Bb7 26. Qa4 Re7 27. Qd1 h5 28.
Qf1 Nxc4 29. Bxc4 Bc3 30. Bxa6 Bxa5 31. Bxb7 Bxb6 32. Bc6 Ba5 33. Qa6 Bb4 34.
Qa8+ Kg7 35. Qa1+ Kh7 36. Qa8 Kg7 37. Qa1+ Kh7 38. Qa8 Qa7 39. Qf8 Bc3 40. Bg3
Bg7 41. Qc8 Rc7 42. Qe8 Re7 43. Qc8 Rc7 44. Qe8 Be5 45. f4 Re7 46. Qc8 Bf6 47.
Rb8 Qa1+ 48. Kh2 Nh6 49. Bd7 Rxe3 50. Be6 Rxg3 51. Kxg3 Qe1+ 52. Kf3 Qe4+ 53.
Kf2 Bd4+ 54. Kf1 Qd3+ 55. Ke1 Bc3+ 56. Kf2 Qd2+ 57. Kf3 Qd1+ 58. Kg3 Qe1+ 59.
Kf3 Qe4+ 60. Kf2 Ng4+ 0-1

[Event "M.Chigorin Memorial 2014"]
[Site "St. Petersburg"]
[Date "2014.10.20"]
[Round "3.7"]
[White "Ganguly, Surya Shekhar"]
[Black "Pasiev, Rakhim"]
[Result "1-0"]
[WhiteElo "2613"]
[BlackElo "2393"]
[PlyCount "122"]
[EventDate "2014.10.18"]
[EventType "swiss"]
[EventCountry "RUS"]

1. d4 e6 2. c4 f5 3. Nc3 Nf6 4. e3 Bb4 5. Nge2 O-O 6. a3 Be7 7. g3 d6 8. Bg2 e5
9. O-O c6 10. b4 Be6 11. d5 cxd5 12. Nxd5 Nc6 13. Bb2 Rc8 14. Qa4 a6 15. Rad1
Qe8 16. Nb6 Rb8 17. Qc2 Qh5 18. Nd5 Bxd5 19. cxd5 Nd8 20. h3 Nf7 21. f4 Rbc8
22. Qd3 e4 23. Qd2 Qg6 24. Rc1 Nh5 25. Kh2 Bf6 26. Rxc8 Rxc8 27. Rc1 Rd8 28.
Rc7 Bxb2 29. Qxb2 Nf6 30. Qd4 Qh5 31. Nc3 Rd7 32. Qa7 Rxc7 33. Qb8+ Nd8 34.
Qxc7 Qe8 35. Qxd6 Qd7 36. Qxd7 Nxd7 37. g4 g6 38. Bf1 Kf7 39. Kg3 Ke7 40. Bc4
Nf7 41. a4 Nd6 42. Be2 Nb6 43. a5 Nbc4 44. Kf2 Na3 45. Bd1 Ne8 46. Bb3 Nd6 47.
g5 Nf7 48. Ke2 Nd6 49. h4 Kd8 50. Na4 Nab5 51. Kd2 Ke7 52. Nb6 Kd8 53. Bd1 Nc7
54. Be2 Nc8 55. Nxc8 Kxc8 56. d6 Ne6 57. Bc4 Kd7 58. Bd5 Kxd6 59. Bxb7 Nc7 60.
Kc3 Ke7 61. Kd4 Kd6 1-0

[Event "M.Chigorin Memorial 2014"]
[Site "St. Petersburg"]
[Date "2014.10.20"]
[Round "3.8"]
[White "Slavin, Alexey"]
[Black "Sethuraman, S.P."]
[Result "0-1"]
[WhiteElo "2397"]
[BlackElo "2613"]
[PlyCount "54"]
[EventDate "2014.10.18"]
[EventType "swiss"]
[EventCountry "RUS"]

1. d4 Nf6 2. Nf3 g6 3. c4 Bg7 4. Nc3 O-O 5. e4 d6 6. h3 e5 7. d5 Nh5 8. g3 Qe8
9. Be2 f5 10. exf5 gxf5 11. Nh4 Nf6 12. Bg5 Na6 13. Qc2 Nb4 14. Qb3 a5 15.
O-O-O Nd7 16. Nb5 Nc5 17. Qa3 Qf7 18. Bd2 Bd7 19. Be3 f4 20. Bxc5 dxc5 21. Bd3
fxg3 22. fxg3 e4 23. Bxe4 Rae8 24. Bd3 Qf2 25. Nxc7 Nxd3+ 26. Rxd3 Re2 27. Rc3
Qf1+ 0-1

[Event "M.Chigorin Memorial 2014"]
[Site "St. Petersburg"]
[Date "2014.10.20"]
[Round "3.9"]
[White "Goganov, Aleksey"]
[Black "Svetlov, Dmitry"]
[Result "1-0"]
[WhiteElo "2608"]
[BlackElo "2387"]
[PlyCount "41"]
[EventDate "2014.10.18"]
[EventType "swiss"]
[EventCountry "RUS"]

1. d4 d5 2. c4 e6 3. Nf3 Nf6 4. Nc3 c6 5. e3 Nbd7 6. Qc2 dxc4 7. Bxc4 Bd6 8.
O-O e5 9. Bb3 O-O 10. h3 Qc7 11. Bd2 a6 12. Rac1 b5 13. dxe5 Nxe5 14. Nxe5 Bxe5
15. f4 Bxc3 16. Bxc3 Nd7 17. Rf3 Qd6 18. Rg3 Nf6 19. Be5 Qe7 20. Qxc6 Nh5 21.
Rg5 1-0

[Event "M.Chigorin Memorial 2014"]
[Site "St. Petersburg"]
[Date "2014.10.20"]
[Round "3.10"]
[White "Wen, Yang"]
[Black "Gevorgyan, David"]
[Result "1-0"]
[WhiteElo "2601"]
[BlackElo "2382"]
[PlyCount "65"]
[EventDate "2014.10.18"]
[EventType "swiss"]
[EventCountry "RUS"]

1. Nf3 d5 2. g3 Nf6 3. Bg2 Bg4 4. c4 c6 5. Ne5 Be6 6. cxd5 Bxd5 7. Nf3 e5 8.
Nc3 e4 9. Nh4 Qd7 10. f3 exf3 11. Nxf3 Bc5 12. e3 O-O 13. O-O Re8 14. b3 Ne4
15. Nxe4 Bxe4 16. Bb2 f6 17. Rc1 Na6 18. Nd4 Bxg2 19. Kxg2 Bxd4 20. Bxd4 c5 21.
Bc3 b6 22. Qe2 Nc7 23. Qc4+ Ne6 24. Qg4 Qc6+ 25. Kg1 Kf7 26. Rf5 Ke7 27. b4
Rad8 28. bxc5 bxc5 29. e4 Qd7 30. e5 fxe5 31. Rxe5 Kf7 32. Rce1 Qc6 33. Qf5+
1-0

[Event "M.Chigorin Memorial 2014"]
[Site "St. Petersburg"]
[Date "2014.10.20"]
[Round "3.11"]
[White "Chashchev, Sergey"]
[Black "Volkov, Sergey"]
[Result "1/2-1/2"]
[WhiteElo "2390"]
[BlackElo "2599"]
[PlyCount "90"]
[EventDate "2014.10.18"]
[EventType "swiss"]
[EventCountry "RUS"]

1. Nf3 d5 2. g3 c6 3. Bg2 Bf5 4. b3 e6 5. Bb2 Nf6 6. O-O h6 7. d3 Bc5 8. Nbd2
O-O 9. e3 Bh7 10. Qe2 a5 11. a3 Re8 12. Ne5 Nfd7 13. f4 f6 14. Nxd7 Nxd7 15.
Kh1 f5 16. e4 fxe4 17. dxe4 Qe7 18. c4 d4 19. Nf3 e5 20. fxe5 Nxe5 21. Nxd4
Rad8 22. Nf5 Bxf5 23. Rxf5 Bd4 24. Raf1 Bxb2 25. Qxb2 Rd3 26. Bh3 Qd6 27. Qf2
Rd1 28. c5 Rxf1+ 29. Bxf1 Qd1 30. b4 a4 31. Kg2 Qa1 32. Kh3 Qc3 33. Be2 Rd8 34.
Qf4 Ng6 35. Qc7 Qd4 36. Rf7 Rf8 37. Bc4 Kh7 38. Rxf8 Nxf8 39. Qf7 Qxe4 40. Qg8+
Kg6 41. Bf7+ Kf6 42. Qxf8 Qf5+ 43. Kg2 Qc2+ 44. Kf3 Qd3+ 45. Kf2 Qd2+ 1/2-1/2

[Event "M.Chigorin Memorial 2014"]
[Site "St. Petersburg"]
[Date "2014.10.20"]
[Round "3.12"]
[White "Iljin, Timofey"]
[Black "Demchenko, Anton"]
[Result "0-1"]
[WhiteElo "2388"]
[BlackElo "2588"]
[PlyCount "78"]
[EventDate "2014.10.18"]
[EventType "swiss"]
[EventCountry "RUS"]

1. d4 d6 2. Nf3 Nf6 3. c4 g6 4. Nc3 Bg7 5. e4 O-O 6. Be2 Nbd7 7. O-O e5 8. Be3
Qe7 9. Qc2 exd4 10. Nxd4 c6 11. Rad1 a6 12. Rfe1 Re8 13. f3 Nh5 14. g4 Nhf6 15.
Qd2 h5 16. g5 Nh7 17. Nc2 Be5 18. f4 Bxc3 19. Qxc3 Nc5 20. Bf3 Bh3 21. Bxc5
dxc5 22. e5 Nf8 23. Bxc6 bxc6 24. Qxh3 Ne6 25. Qf3 Rad8 26. Ne3 Rd4 27. Rxd4
cxd4 28. Nf1 Qb4 29. Qxc6 Rd8 30. Qe4 d3 31. Rd1 Rd4 32. Qe1 Qxb2 33. Qd2 Qb6
34. Qe3 Nxf4 35. Ng3 Qb7 36. Rd2 Rxc4 37. Nf1 Ne2+ 38. Kf2 Rf4+ 39. Ke1 Qb1+
0-1

[Event "M.Chigorin Memorial 2014"]
[Site "St. Petersburg"]
[Date "2014.10.20"]
[Round "3.13"]
[White "Aleksandrov, Aleksej"]
[Black "Tologontegin, Semetey"]
[Result "1-0"]
[WhiteElo "2583"]
[BlackElo "2379"]
[PlyCount "101"]
[EventDate "2014.10.18"]
[EventType "swiss"]
[EventCountry "RUS"]

1. d4 e6 2. c4 b6 3. e4 Bb7 4. Bd3 Nc6 5. Nf3 Nb4 6. O-O Nxd3 7. Qxd3 d6 8. Nc3
Ne7 9. Be3 Ng6 10. g3 Be7 11. h4 h6 12. b4 a5 13. b5 Nf8 14. Rad1 Nd7 15. Qe2
Qc8 16. Bf4 Nf6 17. e5 dxe5 18. dxe5 Nd7 19. Nd4 O-O 20. Nc6 Bxc6 21. bxc6 Nb8
22. Qg4 Kh8 23. Qh5 Nxc6 24. Ne4 f5 25. exf6 Bxf6 26. Bxh6 Qe8 27. Qxe8 Raxe8
28. Bf4 e5 29. Be3 Rd8 30. a4 Kg8 31. c5 bxc5 32. Bxc5 Rxd1 33. Rxd1 Rd8 34.
Nxf6+ gxf6 35. Rxd8+ Nxd8 36. Be7 Nc6 37. Bxf6 Kf7 38. Bg5 Nd4 39. Kf1 Nb3 40.
Ke2 Nc5 41. Bd2 Nxa4 42. Bxa5 c5 43. Kf3 Nb2 44. Ke2 Nc4 45. Bc7 Kf6 46. Kd3
Nb2+ 47. Ke4 Nc4 48. Kd5 Nd2 49. Bxe5+ Kf5 50. Bf4 Ne4 51. Be3 1-0

[Event "M.Chigorin Memorial 2014"]
[Site "St. Petersburg"]
[Date "2014.10.20"]
[Round "3.14"]
[White "Nanjo, Ryosuke"]
[Black "Kazhgaleyev, Murtas"]
[Result "0-1"]
[WhiteElo "2384"]
[BlackElo "2566"]
[PlyCount "80"]
[EventDate "2014.10.18"]
[EventType "swiss"]
[EventCountry "RUS"]

1. e4 d6 2. d4 Nf6 3. Nc3 e5 4. dxe5 dxe5 5. Qxd8+ Kxd8 6. Nf3 Bd6 7. h3 c6 8.
Be3 Ke7 9. O-O-O Nbd7 10. g4 b5 11. g5 Nh5 12. Bg2 Bb7 13. Rd2 Rhd8 14. Ne2 Bc7
15. Nh4 g6 16. Bf3 Nf4 17. Rhd1 Ne6 18. Bg4 Ndf8 19. Nf5+ gxf5 20. exf5 Rxd2
21. Bxd2 Nc5 22. Ng3 Nfd7 23. Be3 Rd8 24. b4 Na6 25. f6+ Ke8 26. Nh5 Nb6 27.
Rg1 Bc8 28. Bf3 Nd5 29. Bxa7 Naxb4 30. Be4 Nc3 31. Re1 Nxe4 32. Rxe4 Nd5 33. f4
Bxh3 34. fxe5 Kd7 35. Ng7 Ra8 36. Bc5 Be6 37. Rh4 Bxe5 38. Rxh7 Bf4+ 39. Kd1
Bxg5 40. Nh5 Nxf6 0-1

[Event "M.Chigorin Memorial 2014"]
[Site "St. Petersburg"]
[Date "2014.10.20"]
[Round "3.15"]
[White "Bernadskiy, Vitaliy"]
[Black "Lobanov, Sergei"]
[Result "1/2-1/2"]
[WhiteElo "2558"]
[BlackElo "2372"]
[PlyCount "83"]
[EventDate "2014.10.18"]
[EventType "swiss"]
[EventCountry "RUS"]

1. d4 Nf6 2. c4 e6 3. Nc3 Bb4 4. Nf3 c5 5. g3 cxd4 6. Nxd4 O-O 7. Bg2 d5 8.
cxd5 Nxd5 9. Qb3 Qb6 10. Bxd5 exd5 11. Be3 Qa5 12. O-O Bxc3 13. bxc3 Nc6 14.
Rfd1 Nxd4 15. Bxd4 b6 16. Qb2 f6 17. Rd2 Ba6 18. f3 Rfe8 19. Kf2 Bc4 20. g4 Qa4
21. Rg1 Re7 22. e3 Rf8 23. Qb1 Qd7 24. f4 Qe6 25. Rg3 Qe4 26. Qg1 g5 27. Rf3
gxf4 28. Rxf4 Qg6 29. h3 Bd3 30. Qg3 Be4 31. Kg1 h6 32. Rdf2 Ref7 33. h4 Kh7
34. h5 Qg5 35. Kh2 f5 36. Rf1 Bd3 37. R1f2 Be4 38. a4 Bd3 39. Be5 Be4 40. Bd6
Rd8 41. Be5 Re8 42. Bd4 1/2-1/2

[Event "M.Chigorin Memorial 2014"]
[Site "St. Petersburg"]
[Date "2014.10.20"]
[Round "3.16"]
[White "Bazeev, German"]
[Black "Gabrielian, Artur"]
[Result "1-0"]
[WhiteElo "2369"]
[BlackElo "2557"]
[PlyCount "83"]
[EventDate "2014.10.18"]
[EventType "swiss"]
[EventCountry "RUS"]

1. d4 Nf6 2. c4 g6 3. Nc3 d5 4. Bg5 Ne4 5. Bh4 Nxc3 6. bxc3 dxc4 7. Qa4+ c6 8.
Qxc4 Qa5 9. Nf3 Be6 10. Qd3 Na6 11. e4 Bg7 12. Nd2 Rd8 13. Be2 Nc7 14. O-O Nb5
15. Rac1 Bxa2 16. e5 Be6 17. Qe3 Qc7 18. Ne4 O-O 19. Rfd1 Bf5 20. Ng3 Be6 21.
f4 Qd7 22. Ne4 b6 23. h3 Rfe8 24. Bf2 f6 25. c4 Nc7 26. g4 a5 27. Ng3 Bh6 28.
Qf3 Bf7 29. Be3 fxe5 30. dxe5 Qc8 31. f5 Bxe3+ 32. Qxe3 Rxd1+ 33. Rxd1 Rd8 34.
Rb1 Be8 35. e6 b5 36. Kh1 bxc4 37. Qh6 c5 38. Bf3 Rd3 39. Nh5 gxh5 40. gxh5
Nxe6 41. Rg1+ Bg6 42. hxg6 1-0

[Event "M.Chigorin Memorial 2014"]
[Site "St. Petersburg"]
[Date "2014.10.20"]
[Round "3.17"]
[White "Lalith, Babu M.R"]
[Black "Zubritskiy, Artyom"]
[Result "1-0"]
[WhiteElo "2547"]
[BlackElo "2360"]
[PlyCount "63"]
[EventDate "2014.10.18"]
[EventType "swiss"]
[EventCountry "RUS"]

1. d4 d5 2. Nf3 Nc6 3. c4 Bg4 4. Nc3 e6 5. Bf4 Bxf3 6. gxf3 dxc4 7. e3 Bd6 8.
Bg3 e5 9. dxe5 Nxe5 10. f4 Ng6 11. Bxc4 Nf6 12. Qa4+ c6 13. O-O-O Qc7 14. Bd3
O-O 15. h4 Ne7 16. h5 Ned5 17. Nxd5 Nxd5 18. h6 g6 19. Qd4 f6 20. Kb1 Kh8 21.
Bc4 Rad8 22. Bxd5 cxd5 23. Qxd5 Qb6 24. Qe6 Bc5 25. Qxb6 Bxb6 26. Bh4 Kg8 27.
Rxd8 Bxd8 28. Rd1 g5 29. Bg3 Bc7 30. fxg5 Bxg3 31. fxg3 Re8 32. gxf6 1-0

[Event "M.Chigorin Memorial 2014"]
[Site "St. Petersburg"]
[Date "2014.10.20"]
[Round "3.18"]
[White "Nakhbayeva, Guliskhan"]
[Black "Popov, Valerij"]
[Result "0-1"]
[WhiteElo "2365"]
[BlackElo "2546"]
[PlyCount "67"]
[EventDate "2014.10.18"]
[EventType "swiss"]
[EventCountry "RUS"]

1. d4 d5 2. c4 e6 3. Nc3 c6 4. e3 Nd7 5. Nf3 f5 6. Bd3 Nh6 7. Qc2 Bd6 8. h3 O-O
9. b3 Qe7 10. Bb2 b6 11. O-O-O Bb7 12. Kb1 Kh8 13. Ne2 Rac8 14. Nf4 Nf7 15. g4
c5 16. Qe2 cxd4 17. Nxd4 dxc4 18. Bxc4 Be4+ 19. Ka1 Bxh1 20. Ndxe6 Rxc4 21.
Qxc4 Nde5 22. Nxf8 Nxc4 23. N8g6+ hxg6 24. Nxg6+ Kh7 25. Nxe7 Bf3 26. Rd4 Nxb2
27. Kxb2 Bxe7 28. Rf4 fxg4 29. hxg4 Ne5 30. Kc2 Bxg4 31. Rd4 Bf5+ 32. Kd1 Bf6
33. e4 Bg4+ 34. Kc2 0-1

[Event "M.Chigorin Memorial 2014"]
[Site "St. Petersburg"]
[Date "2014.10.20"]
[Round "3.19"]
[White "Stupak, Kirill"]
[Black "Akhmetov, Ayan"]
[Result "1-0"]
[WhiteElo "2545"]
[BlackElo "2351"]
[PlyCount "71"]
[EventDate "2014.10.18"]
[EventType "swiss"]
[EventCountry "RUS"]

1. d4 Nf6 2. c4 e6 3. g3 c5 4. Nf3 cxd4 5. Nxd4 Qc7 6. b3 a6 7. Bg2 Bb4+ 8. Bd2
Be7 9. O-O O-O 10. Nc3 Nc6 11. Be3 d6 12. Rc1 Nxd4 13. Qxd4 Rb8 14. Qa7 Bd7 15.
Rfd1 Ng4 16. Qb6 Qxb6 17. Bxb6 Rfc8 18. Ne4 Rc6 19. Ba7 Ra8 20. Bd4 Rb8 21. Ba7
Rd8 22. Nc3 Rcc8 23. Bb6 Re8 24. Bxb7 Rb8 25. Bf3 Rxb6 26. Bxg4 Rc8 27. Rd4 Rc7
28. Rcd1 Be8 29. R4d3 f5 30. Bf3 g6 31. e4 Kf8 32. exf5 gxf5 33. g4 Bg6 34. Re3
Bf6 35. Na4 Rb4 36. Rxd6 1-0

[Event "M.Chigorin Memorial 2014"]
[Site "St. Petersburg"]
[Date "2014.10.20"]
[Round "3.20"]
[White "Akkozov, Berik"]
[Black "Zontakh, Andrey"]
[Result "0-1"]
[WhiteElo "2361"]
[BlackElo "2539"]
[PlyCount "122"]
[EventDate "2014.10.18"]
[EventType "swiss"]
[EventCountry "RUS"]

1. Nf3 Nf6 2. c4 e6 3. g3 b6 4. Bg2 Bb7 5. O-O Be7 6. b3 O-O 7. Bb2 c5 8. Nc3
d6 9. e3 Nbd7 10. d4 Ne4 11. Qc2 Nxc3 12. Bxc3 Nf6 13. d5 exd5 14. Ng5 h6 15.
Bxf6 hxg5 16. Bc3 Rb8 17. Bxd5 Bxd5 18. cxd5 Bf6 19. Rfe1 Re8 20. Rad1 Rb7 21.
Kg2 Bxc3 22. Qxc3 Rbe7 23. Qd3 Re5 24. h3 f5 25. g4 Qf6 26. f3 g6 27. Rd2 R8e7
28. a4 Rh7 29. Rf2 Qh8 30. Rh1 Rhe7 31. Re1 Qh4 32. Rfe2 Kg7 33. e4 fxe4 34.
fxe4 Rf7 35. Rf1 Rxf1 36. Kxf1 Qh8 37. Rf2 Qe8 38. Re2 Kh6 39. Kg2 Re7 40. Re1
Qh8 41. Re2 Qe5 42. Qf3 Kg7 43. Qd3 Rf7 44. Rf2 Re7 45. Re2 Qa1 46. Qe3 Qf6 47.
Re1 a6 48. Qd3 Rf7 49. Qe2 Qe5 50. Rf1 Re7 51. Re1 b5 52. axb5 axb5 53. Qd3 b4
54. Re2 Qf4 55. Re1 Rf7 56. Qe2 Qe5 57. Qd3 Ra7 58. Rf1 Ra2+ 59. Rf2 Rxf2+ 60.
Kxf2 Qf4+ 61. Qf3 c4 0-1

[Event "M.Chigorin Memorial 2014"]
[Site "St. Petersburg"]
[Date "2014.10.20"]
[Round "3.21"]
[White "Mikhailov, Viacheslav"]
[Black "Batchuluun, Tsegmed"]
[Result "0-1"]
[WhiteElo "2357"]
[BlackElo "2523"]
[PlyCount "138"]
[EventDate "2014.10.18"]
[EventType "swiss"]
[EventCountry "RUS"]

1. d4 Nf6 2. Nf3 e6 3. g3 b5 4. Bg2 Bb7 5. O-O c5 6. a4 b4 7. dxc5 Bxc5 8. c3
a5 9. cxb4 Bxb4 10. Nc3 O-O 11. Bf4 d5 12. Ne5 Nc6 13. Nb5 Nxe5 14. Bxe5 Qe7
15. Rc1 Rfc8 16. Qd4 Ne8 17. Qe3 Ba6 18. Qd3 f6 19. Bf4 Kh8 20. Bh3 f5 21. Qe3
Bxb5 22. axb5 Bc5 23. Qd3 Bd6 24. Bd2 Bb4 25. Qe3 Bc5 26. Qd3 Nd6 27. Bg2 Qd7
28. Rc2 Bb6 29. Rfc1 Rxc2 30. Rxc2 Nxb5 31. e3 Nd6 32. h4 Rc8 33. b3 Rxc2 34.
Qxc2 Kg8 35. Qa2 Qc7 36. b4 Nc4 37. bxa5 Bxa5 38. Qa4 Kf7 39. Bxa5 Nxa5 40. Bf3
Nc4 41. Qa8 Nxe3 42. Qh8 Qc1+ 43. Kh2 Ng4+ 44. Bxg4 fxg4 45. Qxh7 Qd2 46. Qh5+
Kf6 47. Kg2 Qd4 48. Qg5+ Kf7 49. Qh5+ Kf8 50. Qh8+ Ke7 51. Qb8 Qe4+ 52. Kg1 Kf7
53. Qc7+ Kg6 54. Qd8 Kh7 55. Qe8 Qe5 56. Qb5 Qe1+ 57. Kg2 Qe4+ 58. Kg1 e5 59.
Qc6 Qe1+ 60. Kg2 Qe4+ 61. Kg1 Qb1+ 62. Kh2 Qf5 63. Kg1 d4 64. Qd6 Qb1+ 65. Kh2
Qe4 66. Kg1 d3 67. h5 Qe1+ 68. Kg2 Qe4+ 69. Kg1 Qf5 0-1

[Event "M.Chigorin Memorial 2014"]
[Site "St. Petersburg"]
[Date "2014.10.20"]
[Round "3.22"]
[White "Tseitlin, Mark D"]
[Black "Pridorozhni, Aleksei"]
[Result "0-1"]
[WhiteElo "2320"]
[BlackElo "2514"]
[PlyCount "71"]
[EventDate "2014.10.18"]
[EventType "swiss"]
[EventCountry "RUS"]

1. e4 c5 2. Nf3 e6 3. Nc3 Nc6 4. d4 cxd4 5. Nxd4 a6 6. Nxc6 bxc6 7. Bd3 d5 8.
O-O Nf6 9. Re1 Be7 10. e5 Nd7 11. Qg4 g6 12. Bh6 Bf8 13. Qf4 Qe7 14. a3 Bxh6
15. Qxh6 Rb8 16. b4 Qf8 17. Qf4 Qe7 18. Qh6 Qf8 19. Qf4 Qg7 20. Na4 O-O 21. c4
a5 22. cxd5 exd5 23. Rac1 axb4 24. axb4 Re8 25. Rxc6 Nxe5 26. Rcc1 Bd7 27. Nc5
Nxd3 28. Nxd3 Bb5 29. Ne5 Rb7 30. Nf3 Rxe1+ 31. Rxe1 Qc3 32. h4 h5 33. Rc1 Qb2
34. Rc8+ Kg7 35. Qd6 Kh6 36. Ne5 0-1

[Event "M.Chigorin Memorial 2014"]
[Site "St. Petersburg"]
[Date "2014.10.20"]
[Round "3.23"]
[White "Predke, Alexandr"]
[Black "Kashtanov, Ruslan"]
[Result "1-0"]
[WhiteElo "2511"]
[BlackElo "2316"]
[PlyCount "57"]
[EventDate "2014.10.18"]
[EventType "swiss"]
[EventCountry "RUS"]

1. e4 c5 2. Nf3 Nc6 3. Nc3 e6 4. d4 cxd4 5. Nxd4 a6 6. Nxc6 bxc6 7. Bd3 Qc7 8.
Qe2 Nf6 9. e5 Nd5 10. Bd2 Nb4 11. O-O d5 12. exd6 Bxd6 13. f4 Nxd3 14. Qxd3 f5
15. Rad1 O-O 16. Be3 Be7 17. Na4 Rb8 18. Bd4 Rb4 19. Qg3 Rf7 20. b3 c5 21. Be5
Qc6 22. Nb2 Re4 23. Rd2 Bb7 24. Nc4 Rxc4 25. bxc4 h6 26. Qg6 Qe4 27. Rfd1 Qxc4
28. Rd8+ Bf8 29. R1d7 1-0

[Event "M.Chigorin Memorial 2014"]
[Site "St. Petersburg"]
[Date "2014.10.20"]
[Round "3.24"]
[White "Stetsko, Lanita"]
[Black "Levin, Evgeny A"]
[Result "0-1"]
[WhiteElo "2291"]
[BlackElo "2507"]
[PlyCount "68"]
[EventDate "2014.10.18"]
[EventType "swiss"]
[EventCountry "RUS"]

1. e4 e6 2. d4 d5 3. e5 c5 4. c3 Nc6 5. Nf3 Qb6 6. a3 Nh6 7. b4 cxd4 8. cxd4
Nf5 9. Be3 f6 10. exf6 gxf6 11. Bd3 Nxe3 12. fxe3 Bh6 13. Qe2 O-O 14. Nc3 a5
15. b5 Ne7 16. Nh4 e5 17. Qh5 f5 18. Na4 Qf6 19. dxe5 Qxe5 20. O-O Bxe3+ 21.
Kh1 Qd4 22. Bc2 Bd7 23. Rae1 Qg4 24. Qxg4+ fxg4 25. Rxf8+ Rxf8 26. Bd3 d4 27.
Nc5 Bc8 28. Nb3 Nf5 29. Bxf5 Bxf5 30. Rf1 Be4 31. Rxf8+ Kxf8 32. Nc5 Bc2 33.
Nxb7 d3 34. Nf5 Bb6 0-1